Estudos Contemporńeo de Filosofia do Direito

Bibliographic Details
Main Author: Pozzoli, Lafayette
Other Authors: Sobreira Filho, Enoque Feitosa, Oliveira Junior, Jos ̌Alceba̕des de
Format: eBook
Language:Portuguese
Published: San Pablo: Letras Jurídicas Editora, 2014
Subjects:
Online Access:Acceso restringido

MARC

LEADER 00000nam a22000007a 4500
005 20200722225120.0
007 cr|||| ||||
008 200722s2014 br |||||s|||| 00||0 por d
020 |a 978-85-8248-049-6 
035 |a 31866 
040 |a vLex 
090 |c 10683  |d 10683 
100 1 |a Pozzoli, Lafayette 
245 1 0 |a Estudos Contemporńeo de Filosofia do Direito  |h [Recurso electrn̤ico] /  |c Lafayette Pozzoli, Enoque Feitosa Sobreira Filho, Jos ̌Alceba̕des de Oliveira Junior 
256 |a Servicio en ln̕ea 
260 |a San Pablo:  |b Letras Jurídicas Editora,  |c 2014 
300 |a 1 recurso electrn̤ico 
506 1 |a Disponible solo en los productos indicados  |d vLex Global  |d vLex Global (Academic Edition, excluding Law Schools)  |d vLex Global (U.S. Academic Edition, Law Schools)  |d vLex Global (U.S. Academic Edition, excluding Law Schools)  |d vLex Global (Academic Edition, Law Schools) 
650 0 4 |a Derecho Militar  |z Brasil 
700 1 |a Sobreira Filho, Enoque Feitosa 
700 1 |a Oliveira Junior, Jos ̌Alceba̕des de 
740 0 |a vLex Libros (Servicio en ln̕ea) 
856 4 0 |u http://vlex.com/source/estudos-contempor-neo-de-filosofia-do-direito-31866  |z Acceso restringido 
942 |c BOOK 
999 0 |a Military Law